| 000 | 01175nam1a22002771 4500 | ||
|---|---|---|---|
| 001 | rc\4500709 | ||
| 005 | 20130416173601.2 | ||
| 035 | _a(NLR Aleph) 008342842 | ||
| 090 |
_a8888101 _c8888101 |
||
| 100 | _a20130416d1964 |||y0rusy50 ca | ||
| 101 | 0 | _arus | |
| 102 | _aRU | ||
| 105 | _ay z ||||| | ||
| 200 | 1 |
_aКадастр подземных вод СССР _eЗапорожская область _e[В 2 т.] _fСост. Г.Т. Тяжлов, А.Т. Полторапавлов, В.Е. Тяжлова _gГос. геол. ком. СССР. Всесоюз. геол. фонд. Гл. упр. геологии и охраны недр при Совете Министров УССР. Трест Днепрогеология. Т. 1-2 |
|
| 210 |
_aМосква _cБ. и. _d1964 |
||
| 215 |
_a8 т. _d26 |
||
| 300 | _aОтпеч. множит. аппаратом | ||
| 333 | _aРассылается по списку | ||
| 702 | 1 |
_aПолторапавлов _bА. Т. _4220 |
|
| 702 | 1 |
_aТяжлов _bГ. Т. _4220 |
|
| 702 | 1 |
_aТяжлова _bВ. Е. _4220 |
|
| 801 | 0 |
_aRU _bNLR _gpsbo |
|
| 801 | 1 |
_aRU _bELAR _2rusmarc |
|
| 852 |
_aNLR _j65-7/1071 |
||
| 942 | _cBOOK | ||
| 980 | _aNB | ||